000 01168cam a2200229 4500500
005 20260322010856.0
041 _afre
042 _adc
100 1 0 _aBousquet-Jacq, Nathalie
_eauthor
700 1 0 _aCourtabessis, Élodie
_eauthor
245 0 0 _aUtilisation de la Preschool Autism Communication Therapy en camsp
260 _c2026.
500 _a100
520 _aLa Preschool Autism Communication Therapy (pact) est un modèle d’intervention auprès des parents, basée sur de la guidance parentale par vidéo feedback. Il est destiné aux enfants porteurs de troubles du spectre de l’autisme diagnostiqués. Il s’agit de permettre au parent et à l’enfant de mieux communiquer grâce à la valorisation et au renforcement des compétences parentales. Nous présentons le contenu et l’intérêt de ce programme ainsi que des exemples de son utilisation en camsp.
690 _aCamsp
690 _acompétences
690 _aPact
690 _aparents
690 _aTsa
786 0 _nContraste | 63 | 1 | 2026-02-16 | p. 173-187 | 1254-7689
856 4 1 _uhttps://shs.cairn.info/revue-contraste-2026-1-page-173?lang=fr&redirect-ssocas=7080
999 _c1760289
_d1760289